[Event "Titled Tuesday intern op 23rd Apr Late"]
[Site "Chess.com INT"]
[Date "2024.04.23"]
[Round "8"]
[White "Bilan, Danila"]
[Black "Tristan, Leonardo"]
[Result "0-1"]
[WhiteElo "2303"]
[BlackElo "2522"]
[PlyCount "76"]
[EventDate "2024.04.23"]
[EventType "swiss (blitz)"]
[EventRounds "11"]
[EventCountry "USA"]
[SourceTitle "CB18_2024"]
[SourceDate "2024.05.01"]
[SourceVersion "1"]
[SourceVersionDate "2024.05.01"]
[SourceQuality "2"]

1. d4 d5 2. Nf3 Nf6 3. c4 e6 4. Nc3 a6 5. cxd5 exd5 6. Bg5 Be6 7. e3 Nbd7 8. Bd3 Bd6 9. Qc2 h6 10. Bh4 c6 11. 0-0-0 Qc7 12. Kb1 0-0-0 13. Bg3 Bxg3 14. hxg3 Kb8 15. Na4 Qd6 16. Nc5 Nxc5 17. dxc5 Qc7 18. Rh4 Ne4 19. Nd4 Nf6 20. Nxe6 fxe6 21. Rb4 Kc8 22. f4 e5 23. Bf5+ Kb8 24. Qa4 Ka7 25. Rd3 Ne4 26. Bxe4 dxe4 27. Rxd8 Rxd8 28. Rxe4 exf4 29. gxf4 Rd2 30. Rd4 Rxg2 31. a3 Rg1+ 32. Kc2 h5 33. Qb3 h4 34. Qe6 Qa5 35. Rc4 Qe1 36. Kb3 Rg3 37. Rc3 Qd1+ 38. Ka2 h3 0-1

[Event "Titled Tuesday intern op 23rd Apr Late"]
[Site "Chess.com INT"]
[Date "2024.04.23"]
[Round "6"]
[White "Kamsky, Gata"]
[Black "Tristan, Leonardo"]
[Result "1-0"]
[WhiteElo "2610"]
[BlackElo "2522"]
[PlyCount "83"]
[EventDate "2024.04.23"]
[EventType "swiss (blitz)"]
[EventRounds "11"]
[EventCountry "USA"]
[SourceTitle "CB18_2024"]
[SourceDate "2024.05.01"]
[SourceVersion "1"]
[SourceVersionDate "2024.05.01"]
[SourceQuality "2"]

1. d4 d5 2. Bf4 Nf6 3. e3 Bf5 4. c4 e6 5. Nc3 Bb4 6. Nge2 dxc4 7. a3 Ba5 8. Qa4+ Nc6 9. Qxc4 0-0 10. b4 Bb6 11. Ng3 Bg6 12. Be2 Re8 13. Bg5 h6 14. Bh4 Bh7 15. Nh5 g5 16. Bg3 e5 17. Nxf6+ Qxf6 18. Nd5 Qd8 19. Nxb6 axb6 20. d5 Ne7 21. Bxe5 Qxd5 22. Bb2 Qxc4 23. Bxc4 Be4 24. f3 Bd5 25. Be2 f5 26. Kf2 Kf7 27. h4 Kg6 28. hxg5 hxg5 29. e4 fxe4 30. fxe4 Bxe4 31. Bh5+ Kf5 32. Bxe8 Rxe8 33. Rae1 Nd5 34. Bc1 Kg4 35. Rh3 Rf8+ 36. Kg1 Bf5 37. Rf3 Rd8 38. Kf2 Nf4 39. Rg3+ Kh5 40. Rh1+ Kg6 41. Bxf4 Rf8 42. Rxg5+ 1-0

[Event "Titled Tuesday intern op 23rd Apr Late"]
[Site "Chess.com INT"]
[Date "2024.04.23"]
[Round "11"]
[White "Tristan, Leonardo"]
[Black "Naroditsky, Daniel"]
[Result "0-1"]
[WhiteElo "2522"]
[BlackElo "2619"]
[PlyCount "110"]
[EventDate "2024.04.23"]
[EventType "swiss (blitz)"]
[EventRounds "11"]
[EventCountry "USA"]
[SourceTitle "CB18_2024"]
[SourceDate "2024.05.01"]
[SourceVersion "1"]
[SourceVersionDate "2024.05.01"]
[SourceQuality "2"]

1. d4 Nf6 2. Nf3 g6 3. Bf4 Bg7 4. e3 0-0 5. Be2 c5 6. c3 d6 7. 0-0 cxd4 8. exd4 Nc6 9. Nbd2 Nh5 10. Be3 e5 11. dxe5 dxe5 12. Nc4 Qe7 13. Qd6 Qxd6 14. Nxd6 Rd8 15. Rfd1 Bf8 16. Nxc8 Raxc8 17. Bg5 Rxd1+ 18. Rxd1 h6 19. Be3 Nf6 20. Bb5 Ng4 21. Bxc6 Rxc6 22. Bxa7 Ra6 23. Bb8 Bc5 24. Rd8+ Kg7 25. h3 Bxf2+ 26. Kf1 Bb6 27. Re8 Ne3+ 28. Ke2 Nxg2 29. Bxe5+ f6 30. Re7+ Kf8 31. Bxf6 Nf4+ 32. Kd2 Nd5 33. Rxb7 Nxf6 34. Ne5 Ne4+ 35. Kc2 Bd8 36. Rb4 Ng5 37. h4 Nf7 38. Nxf7 Kxf7 39. a4 h5 40. Rf4+ Rf6 41. Rb4 Rf2+ 42. Kb3 Rh2 43. Rb7+ Ke8 44. Rb8 Kd7 45. Rb7+ Kc6 46. Rg7 Rg2 47. a5 Bxa5 48. Kc4 Rg4+ 49. Kd3 Bd8 50. b4 Bxh4 51. c4 Bf6 52. Rf7 Bd4 53. b5+ Kd6 54. Rh7 Bc5 55. Rh8 h4 0-1

[Event "Titled Tuesday intern op 02nd Apr Late"]
[Site "Chess.com INT"]
[Date "2024.04.02"]
[Round "8"]
[White "Tristan, Leonardo"]
[Black "Deac, Bogdan Daniel"]
[Result "0-1"]
[WhiteElo "2522"]
[BlackElo "2692"]
[PlyCount "144"]
[EventDate "2024.04.02"]
[EventType "swiss (blitz)"]
[EventRounds "11"]
[EventCountry "USA"]
[SourceTitle "CB15_2024"]
[SourceDate "2024.04.10"]
[SourceVersion "1"]
[SourceVersionDate "2024.04.10"]
[SourceQuality "1"]

1. d4 Nf6 2. Nf3 d5 3. Bf4 c5 4. e3 Nc6 5. c3 Nh5 6. Bg5 h6 7. Bh4 g5 8. Bg3 Nxg3 9. hxg3 Qb6 10. Qc2 Bg7 11. Nbd2 Bd7 12. Be2 Rc8 13. Qb3 e6 14. a4 cxd4 15. exd4 Qc7 16. Qa3 f6 17. Nf1 Bf8 18. Qb3 Qb6 19. Qc2 Kf7 20. Ne3 Kg7 21. Bd1 Be8 22. Qd2 Bf7 23. 0-0 Na5 24. b4 Nc6 25. a5 Qc7 26. Be2 h5 27. Rfb1 Qd8 28. Qa2 Ne7 29. Rc1 Ng6 30. b5 f5 31. c4 g4 32. Nd2 h4 33. cxd5 Rxc1+ 34. Rxc1 hxg3 35. fxg3 Qg5 36. Ndf1 f4 37. dxe6 fxe3 38. Rc7 Be7 39. exf7 Qh6 40. f8Q+ Rxf8 41. Qe6 Rf7 42. Bc4 Rf8 43. Rxe7+ Nxe7 44. Qxe7+ Kh8 45. Qe5+ Kh7 46. Qe4+ Kh8 47. Qe5+ Kh7 48. Bd3+ Kg8 49. Qxe3 Rxf1+ 50. Kxf1 Qxe3 51. Bc4+ Kf8 52. b6 Ke7 53. bxa7 Qc1+ 54. Kf2 Qd2+ 55. Kg1 Qxd4+ 56. Kh2 Qxa7 57. a6 bxa6 58. Be2 a5 59. Bxg4 a4 60. Bd1 a3 61. Bb3 Qb6 62. Ba2 Qh6+ 63. Kg1 Qe3+ 64. Kh2 Kf6 65. Kh3 Kg5 66. Kh2 Qd2 67. Kh3 Qxa2 68. g4 Qb2 69. g3 Qb3 70. Kh2 a2 71. Kh3 a1Q 72. Kh2 Qc2+ 0-1

[Event "Titled Tuesday intern op 02nd Apr Early"]
[Site "Chess.com INT"]
[Date "2024.04.02"]
[Round "1"]
[White "Tristan, Leonardo"]
[Black "Koridze, Lile"]
[Result "1-0"]
[WhiteElo "2522"]
[BlackElo "2121"]
[PlyCount "63"]
[EventDate "2024.04.02"]
[EventType "swiss (blitz)"]
[EventRounds "11"]
[EventCountry "USA"]
[SourceTitle "CB15_2024"]
[SourceDate "2024.04.10"]
[SourceVersion "1"]
[SourceVersionDate "2024.04.10"]
[SourceQuality "1"]

1. d4 Nf6 2. Nf3 e6 3. Bf4 b5 4. e3 a6 5. a4 b4 6. Nbd2 Bb7 7. a5 Be7 8. h3 0-0 9. Bd3 c5 10. 0-0 Nc6 11. Nc4 d5 12. Nb6 Ra7 13. dxc5 Bxc5 14. Nd4 Bxb6 15. Nxc6 Bxc6 16. axb6 Qxb6 17. Be5 Raa8 18. Bxf6 gxf6 19. Qg4+ Kh8 20. Qh4 f5 21. Qf6+ Kg8 22. g4 fxg4 23. hxg4 Qd8 24. Qh6 f5 25. gxf5 Rf7 26. fxe6 Rg7+ 27. Kh2 Qd6+ 28. f4 Qf8 29. Rg1 Raa7 30. e7 Qxe7 31. Qxh7+ Kf8 32. Qh8+ 1-0

[Event "Mar del Plata op 53rd"]
[Site "Mar del Plata"]
[Date "2024.03.30"]
[Round "9"]
[White "Tristan, Leonardo"]
[Black "Acosta, Pablo Ismael"]
[Result "1-0"]
[WhiteElo "2521"]
[BlackElo "2463"]
[PlyCount "55"]
[EventDate "2024.03.23"]
[EventType "swiss"]
[EventRounds "9"]
[EventCountry "ARG"]
[SourceTitle "CB14_2024"]
[SourceDate "2024.04.01"]
[SourceVersion "1"]
[SourceVersionDate "2024.04.01"]
[SourceQuality "1"]

1. d4 d5 2. Nf3 c5 3. c4 e6 4. cxd5 exd5 5. Nc3 Nf6 6. Bg5 Be6 7. Bxf6 Qxf6 8. e4 cxd4 9. Qxd4 Qxd4 10. Nxd4 Bb4 11. Nxe6 fxe6 12. exd5 Ke7 13. 0-0-0 Rc8 14. Bd3 Bxc3 15. bxc3 exd5 16. Bxh7 Rxc3+ 17. Kb2 Rc5 18. Rhe1+ Kf7 19. Bf5 Rb5+ 20. Ka1 Nc6 21. Be6+ Kf6 22. Bxd5 Nb4 23. Bb3 a5 24. Rd6+ Kg5 25. a3 Nc6 26. h4+ Kf4 27. Bd5 Ne5 28. g3+ 1-0

[Event "Mar del Plata op 53rd"]
[Site "Mar del Plata"]
[Date "2024.03.26"]
[Round "4"]
[White "Schnaider, Ilan"]
[Black "Tristan, Leonardo"]
[Result "1/2-1/2"]
[WhiteElo "2314"]
[BlackElo "2521"]
[PlyCount "126"]
[EventDate "2024.03.23"]
[EventType "swiss"]
[EventRounds "9"]
[EventCountry "ARG"]
[SourceTitle "CB14_2024"]
[SourceDate "2024.04.01"]
[SourceVersion "1"]
[SourceVersionDate "2024.04.01"]
[SourceQuality "1"]

1. e4 e5 2. Nf3 Nc6 3. Nc3 Nf6 4. Bb5 Bd6 5. 0-0 0-0 6. d4 exd4 7. Nxd4 Nxd4 8. Qxd4 Re8 9. Re1 Be5 10. Qd3 c6 11. Ba4 d5 12. Bg5 d4 13. Bxf6 Qxf6 14. Ne2 a5 15. a3 Bc7 16. Bb3 a4 17. Ba2 Qe5 18. Ng3 Be6 19. Bxe6 Rxe6 20. Rf1 Rf6 21. Rad1 h5 22. Qxd4 h4 23. Qxe5 Bxe5 24. Nf5 Bxb2 25. Rd3 Re6 26. Rb1 Bf6 27. f3 b5 28. Ne3 Rd8 29. Rxd8+ Bxd8 30. Kf2 Rd6 31. Ke2 Ba5 32. Rd1 Rxd1 33. Nxd1 Bc7 34. c4 bxc4 35. Nb2 Bxh2 36. Nxc4 Kh7 37. Ke3 Kh6 38. f4 g5 39. fxg5+ Kxg5 40. Kf3 f6 41. Nb6 Bg1 42. Nc4 Bc5 43. Nb2 Bd4 44. Nxa4 Kg6 45. Ke2 Kg5 46. Kf3 f5 47. e5 Bxe5 48. Nb6 Bc7 49. Nc4 Kf6 50. a4 Ke6 51. a5 Kd7 52. a6 Kc8 53. Ne3 f4 54. Nf5 c5 55. Nxh4 Kb8 56. Ke4 Ka7 57. Kd5 Bb6 58. Ng6 Kxa6 59. Kc4 Kb7 60. Nxf4 Kc6 61. g4 Bd8 62. Ne6 Be7 63. Nxc5 Bxc5 1/2-1/2

[Event "Titled Tuesday intern op 12th Mar Late"]
[Site "Chess.com INT"]
[Date "2024.03.12"]
[Round "5"]
[White "Kazmaier, Daniel"]
[Black "Tristan, Leonardo"]
[Result "0-1"]
[WhiteElo "2180"]
[BlackElo "2521"]
[PlyCount "69"]
[EventDate "2024.03.12"]
[EventType "swiss (blitz)"]
[EventRounds "11"]
[EventCountry "USA"]
[SourceTitle "CB12_2024"]
[SourceDate "2023.10.01"]
[SourceVersion "1"]
[SourceVersionDate "2023.10.01"]
[SourceQuality "1"]

1. d4 d5 2. Nf3 Nf6 3. Bf4 e6 4. e3 Bd6 5. Bg3 0-0 6. Bd3 c5 7. c3 Qc7 8. Nbd2 Nbd7 9. Bxd6 Qxd6 10. e4 dxe4 11. Nxe4 Nxe4 12. Bxe4 Nf6 13. Bc2 b6 14. dxc5 Qxc5 15. Qd4 Qxd4 16. Nxd4 Bb7 17. 0-0 a6 18. Rfd1 Rac8 19. a4 Rfd8 20. f3 Kf8 21. Kf2 Ke7 22. Re1 g5 23. Re5 h6 24. Nf5+ Kf8 25. Nxh6 Rd2+ 26. Re2 Rcd8 27. Rae1 a5 28. h3 Ba6 29. g3 Bxe2 30. Rxe2 Nh5 31. Ke3 Nxg3 32. Rxd2 Nf1+ 33. Ke4 Nxd2+ 34. Ke5 Kg7 35. Ng4 0-1

[Event "Titled Tuesday intern op 12th Mar Late"]
[Site "Chess.com INT"]
[Date "2024.03.12"]
[Round "11"]
[White "Tristan, Leonardo"]
[Black "Manukyan, Sargis A"]
[Result "1-0"]
[WhiteElo "2521"]
[BlackElo "2216"]
[PlyCount "83"]
[EventDate "2024.03.12"]
[EventType "swiss (blitz)"]
[EventRounds "11"]
[EventCountry "USA"]
[SourceTitle "CB12_2024"]
[SourceDate "2023.10.01"]
[SourceVersion "1"]
[SourceVersionDate "2023.10.01"]
[SourceQuality "1"]

1. d4 d5 2. Nf3 Nf6 3. Bf4 e6 4. e3 Be7 5. Nbd2 0-0 6. h3 b6 7. c3 Bb7 8. Bd3 Ne4 9. 0-0 Nd7 10. Qe2 f5 11. Rfe1 a5 12. Rad1 Bd6 13. c4 Bxf4 14. exf4 Ba6 15. Nf1 Ndf6 16. Ne5 Qd6 17. f3 c5 18. fxe4 dxe4 19. dxc5 Qxc5+ 20. Qe3 exd3 21. Qxc5 bxc5 22. Rxd3 Rfd8 23. Red1 Rxd3 24. Rxd3 Rb8 25. b3 Ne4 26. Nd2 a4 27. Nxe4 fxe4 28. Rd6 axb3 29. axb3 Ra8 30. Rxe6 g6 31. Rc6 Bb7 32. Rc7 Bc8 33. Kf2 Be6 34. Re7 Bc8 35. Ke3 Rb8 36. Kd2 h5 37. g4 hxg4 38. hxg4 g5 39. f5 Kf8 40. f6 Rxb3 41. Ng6+ Kg8 42. Rg7# 1-0

[Event "Titled Tuesday intern op 12th Mar Late"]
[Site "Chess.com INT"]
[Date "2024.03.12"]
[Round "9"]
[White "Tristan, Leonardo"]
[Black "Shapiro, Viktor"]
[Result "1-0"]
[WhiteElo "2521"]
[BlackElo "2113"]
[PlyCount "113"]
[EventDate "2024.03.12"]
[EventType "swiss (blitz)"]
[EventRounds "11"]
[EventCountry "USA"]
[SourceTitle "CB12_2024"]
[SourceDate "2023.10.01"]
[SourceVersion "1"]
[SourceVersionDate "2023.10.01"]
[SourceQuality "1"]

1. d4 Nf6 2. Nf3 c5 3. c3 e6 4. Bf4 b6 5. e3 Bb7 6. Nbd2 Be7 7. h3 0-0 8. Bd3 d5 9. 0-0 Nc6 10. Qe2 Bd6 11. Bxd6 Qxd6 12. e4 dxe4 13. Nxe4 Nxe4 14. Qxe4 f5 15. Qh4 cxd4 16. Rfe1 Rae8 17. Bc4 Na5 18. Ng5 h6 19. Bxe6+ Rxe6 20. Nxe6 Rf6 21. Nxd4 Rg6 22. f3 Nc4 23. b3 Nd2 24. Rad1 Qxd4+ 25. Qxd4 Nxf3+ 26. Kf2 Nxd4 27. Rxd4 Rxg2+ 28. Kf1 Rxa2 29. Re7 Bg2+ 30. Ke1 Be4 31. Rdd7 Rg2 32. Rxa7 f4 33. Rxe4 f3 34. Rf4 Re2+ 35. Kf1 Re3 36. Rc7 b5 37. Kf2 Rd3 38. Rxf3 Rd6 39. Rff7 Rg6 40. Ke3 Kh7 41. h4 h5 42. Kd4 Rg4+ 43. Kc5 b4 44. cxb4 Kh6 45. b5 Rxh4 46. b6 Rh1 47. b7 Rc1+ 48. Kd6 Rd1+ 49. Ke7 Re1+ 50. Kd8 Rd1+ 51. Kc8 h4 52. b8Q h3 53. Qb6+ g6 54. Rh7+ Kg5 55. Qe3+ Kf5 56. Rc5+ Kg4 57. Rg5# 1-0

[Event "Titled Tuesday intern op 13th Feb Late"]
[Site "Chess.com INT"]
[Date "2024.02.13"]
[Round "6"]
[White "Sargsyan, Anna M"]
[Black "Tristan, Leonardo"]
[Result "1-0"]
[WhiteElo "2377"]
[BlackElo "2515"]
[PlyCount "49"]
[EventDate "2024.02.13"]
[EventType "swiss (blitz)"]
[EventRounds "11"]
[EventCountry "USA"]
[SourceTitle "CB08_2024"]
[SourceDate "2024.02.21"]
[SourceVersion "1"]
[SourceVersionDate "2024.02.21"]
[SourceQuality "1"]

1. d4 d5 2. c4 e6 3. Nc3 a6 4. cxd5 exd5 5. Nf3 Nf6 6. Qb3 c6 7. Bg5 Be7 8. e3 0-0 9. Bd3 a5 10. Ne5 Nbd7 11. f4 Nxe5 12. fxe5 Ng4 13. Bf4 Bg5 14. Nd1 Bxf4 15. exf4 f6 16. h3 Nh6 17. 0-0 fxe5 18. dxe5 Qh4 19. Ne3 Kh8 20. Rf3 Rxf4 21. g3 Qxh3 22. Rxf4 Qxg3+ 23. Ng2 Bg4 24. Bf1 Qh4 25. Nxh4 1-0

[Event "Titled Tuesday intern op 13th Feb Late"]
[Site "Chess.com INT"]
[Date "2024.02.13"]
[Round "1"]
[White "Tristan, Leonardo"]
[Black "Korkmaz, Necmettin"]
[Result "1-0"]
[WhiteElo "2515"]
[BlackElo "2013"]
[PlyCount "73"]
[EventDate "2024.02.13"]
[EventType "swiss (blitz)"]
[EventRounds "11"]
[EventCountry "USA"]
[SourceTitle "CB08_2024"]
[SourceDate "2024.02.21"]
[SourceVersion "1"]
[SourceVersionDate "2024.02.21"]
[SourceQuality "1"]

1. d4 d5 2. Nf3 Nf6 3. Bf4 c5 4. e3 Nc6 5. c3 Qb6 6. Qc2 Bg4 7. Nbd2 e6 8. Bd3 Rc8 9. Qb3 c4 10. Qxb6 axb6 11. Bc2 b5 12. Ne5 Nxe5 13. dxe5 Nd7 14. e4 Bc5 15. exd5 exd5 16. 0-0 d4 17. Be4 Be6 18. Bxb7 Rc7 19. Ba6 dxc3 20. bxc3 b4 21. Nxc4 Bxc4 22. Bxc4 Bxf2+ 23. Rxf2 Rxc4 24. cxb4 Rxb4 25. a4 0-0 26. a5 Ra8 27. Rd1 Nc5 28. Be3 Ne6 29. Ra2 Re4 30. Kf2 Rxe5 31. a6 f5 32. a7 f4 33. Bb6 Rb5 34. Rd6 Ng5 35. Rd8+ Rxd8 36. Bxd8 Ne4+ 37. Kf3 1-0

[Event "Titled Tuesday intern op 16th Jan Early"]
[Site "Chess.com INT"]
[Date "2024.01.16"]
[Round "3"]
[White "Fedoseev, Vladimir1"]
[Black "Tristan, Leonardo"]
[Result "1/2-1/2"]
[WhiteElo "2690"]
[BlackElo "2515"]
[PlyCount "235"]
[EventDate "2024.01.16"]
[EventType "swiss (blitz)"]
[EventRounds "11"]
[EventCountry "USA"]
[SourceTitle "CB04_2024"]
[SourceDate "2023.10.16"]
[SourceVersion "1"]
[SourceVersionDate "2023.10.16"]
[SourceQuality "1"]

1. e4 d5 2. exd5 Qxd5 3. Nc3 Qa5 4. d4 Nf6 5. Nf3 Bf5 6. Bd2 e6 7. a3 c6 8. h3 Nbd7 9. Nh4 Bg6 10. Nxg6 hxg6 11. Bd3 Qc7 12. Qf3 Bd6 13. 0-0-0 0-0-0 14. g4 Rdf8 15. Kb1 Kb8 16. h4 Nd5 17. Ne2 c5 18. c4 N5b6 19. b4 cxb4 20. c5 bxa3 21. cxd6 Qxd6 22. Qg3 e5 23. dxe5 Nxe5 24. Qxe5 Qxe5 25. Bf4 Qxf4 26. Nxf4 Rd8 27. Bc2 Rxd1+ 28. Bxd1 g5 29. Ng2 gxh4 30. Rxh4 Rd8 31. Ne3 Rd2 32. Rh2 Nd5 33. Kc1 Nxe3 34. Rh8+ Kc7 35. Bb3 Rd1+ 36. Bxd1 Nxd1 37. Rh3 Nxf2 38. Rf3 Nxg4 39. Rxf7+ Kb6 40. Rxg7 Ne5 41. Rg3 Nc4 42. Kb1 a5 43. Ka2 a4 44. Rg5 Kc6 45. Rg6+ Kc5 46. Rg5+ Kb4 47. Rg4 b5 48. Rg5 Ne3 49. Rh5 Nc2 50. Rh4+ Kc3 51. Rh3+ Kc4 52. Rh4+ Kc3 53. Rh3+ Kc4 54. Rh4+ Kc5 55. Rh2 Nb4+ 56. Kxa3 Nc6 57. Rh5+ Kc4 58. Rh4+ Nd4 59. Kb2 b4 60. Rh3 b3 61. Rh4 Kd3 62. Rh3+ Kc4 63. Rh4 Kd3 64. Rg4 Nc2 65. Rxa4 Nd4 66. Rb4 Ke3 67. Kc3 Ne2+ 68. Kxb3 Nd4+ 69. Kc4 Ne2 70. Kd5 Nc3+ 71. Ke5 Ne2 72. Rb3+ Kd2 73. Rh3 Nc3 74. Kd4 Ne2+ 75. Kc4 Nf4 76. Rf3 Ne2 77. Rd3+ Kc2 78. Rh3 Kd2 79. Rf3 Kc2 80. Rd3 Nc1 81. Rd8 Ne2 82. Rd7 Nc1 83. Kd4 Kd2 84. Ke4+ Kc2 85. Ke3 Nb3 86. Rc7+ Kb2 87. Kd3 Nc1+ 88. Kc4 Kc2 89. Rh7 Kd2 90. Rh2+ Ne2 91. Rg2 Ke3 92. Rh2 Kd2 93. Kd5 Ke3 94. Ke5 Kf3 95. Rh3+ Ng3 96. Rh4 Ne2 97. Ra4 Ke3 98. Ra3+ Kd2 99. Ke4 Nc3+ 100. Ke5 Ne2 101. Rh3 Nc3 102. Kd4 Ne2+ 103. Kc4 Nf4 104. Rf3 Ne2 105. Ra3 Nf4 106. Kd4 Ne2+ 107. Kd5 Nc3+ 108. Kc4 Ne2 109. Rd3+ Kc2 110. Re3 Kd2 111. Re4 Ng3 112. Rg4 Ne2 113. Rg5 Ke3 114. Re5+ Kf3 115. Kd3 Nf4+ 116. Kd2 Ng2 117. Rf5+ Nf4 118. Rf8 1/2-1/2